Encyklopédia Slovenska

Enregistré dans:
Détails bibliographiques
Format: Livre
Langue:slovaque
Publié: Bratislava : Veda, 1980
Édition:1. vyd.
Tags: Ajouter un tag
Pas de tags, Soyez le premier à ajouter un tag!

MARC

LEADER 00000nam a22000003a 4500
001 stu11011
005 20150408181748.5
008 950206s1980----cs------------------slo-d
040 |a STU  |b slo 
041 0 |a slo 
044 |a cs 
245 |a Encyklopédia Slovenska 
250 |a 1. vyd. 
260 |a Bratislava :  |b Veda,  |c 1980 
300 |a 595 s 
996 |b 284AU02734  |c A*1118 U  |l AAKNST  |s P  |a 0  |w stu11011_0001